logo

Bir Sreshtho Munshi Abdur Rouf Library
Jhenaidah Cadet College

Working Words In Spelling / (Record no. 5813)

MARC details
000 -LEADER
fixed length control field 00675nam a2200241 a 4500
001 - CONTROL NUMBER
JCCL Control Number 5813
003 - CONTROL NUMBER IDENTIFIER
JCCL marc code BD-JhCC
005 - DATE AND TIME OF LATEST TRANSACTION
control field 20180102175442.0
008 - FIXED-LENGTH DATA ELEMENTS--GENERAL INFORMATION
fixed length control field 171221s1985 u a|||| || | 000 0 eng d
020 ## - INTERNATIONAL STANDARD BOOK NUMBER
International Standard Book Number 06692032813
035 ## - SYSTEM CONTROL NUMBER
system control number (BD-JhCC)5813
040 ## - CATALOGING SOURCE
Original cataloging agency BD-JhCC
Modifying agency BD-JhCC
041 ## - LANGUAGE CODE
Language code of Book eng
082 ## - DEWEY DECIMAL CLASSIFICATION NUMBER
Classification number 428.1
Author mark and Year WOO 1985
100 ## - MAIN ENTRY--PERSONAL NAME
Personal name Woodruff, G. Willard
245 ## - TITLE STATEMENT
Title Working Words In Spelling /
Statement of responsibility, etc G. Willard Woodruff and George N. Moore
260 ## - PUBLICATION, DISTRIBUTION, ETC. (IMPRINT)
Place of publication, distribution, etc Canada :
Name of publisher, distributor, etc D. C. Heath and Company,
Date of publication, distribution, etc 1985.
300 ## - PHYSICAL DESCRIPTION
Pagination 175 p. :
Other physical details ill. ;
Dimensions 27 cm.
650 ## - SUBJECT ADDED ENTRY--TOPICAL TERM
Topical term or geographic name as entry element Orthography and Spelling
General subdivision English Language
700 ## - ADDED ENTRY--PERSONAL NAME
Personal name Moore, George N.
942 ## - ADDED ENTRY ELEMENTS (KOHA)
Source of classification or shelving scheme Dewey Decimal Classification
Koha item type Books
Holdings
Source of classification or shelving scheme Damaged status Not for loan Home library Current library Shelving location Source of acquisition Total Checkouts Full call number Barcode Date last seen Copy number Koha item type Date of accession Method of acquisition
Dewey Decimal Classification     JCC Rouf Library JCC Rouf Library General Stacks Asia Foundation   428.1 WOO 1985 7412 12/21/2017 C - 1 Books    
Dewey Decimal Classification     JCC Rouf Library JCC Rouf Library General Stacks     428.1 WOO 1985 19483 05/22/2024 C-2 Books   Gift/Donation

JCC Library | Contacts | JCC Home

Last Update on 23 September 2017
Copyright @ 2017-2020 JCC Rouf Library
Rouf Library, Jhenidah Cadet College (JCC), Bangladesh